History Quiz

Random History Quiz

1980s in Pictures Quiz Stats

 Plays Quiz Updated Jun 6, 2015

Challenge
Share
Tweet
Score 0/20 Timer 05:00
3 Plays Today
% Correct
United Kingdom (Royal Wedding 1981)
93%
Iraq (Iran-Iraq War begins 1980)
89.1%
United States (Mt. St. Helens Eruption 1980)
85.9%
United States (Challenger disaster 1986)
84.2%
China (Tiananmen Square 1989)
80.3%
Germany (Berlin Wall falls 1989)
79.8%
Falkland Islands (Argentine invasion 1982)
75.2%
USSR (Rust lands in Red Square 1987)
75.1%
USSR (Glasnost begins 1986)
70.7%
United States (Exxon Valdez 1989)
68.8%
% Correct
Iran (Hostage Crisis 1980)
68.6%
USSR (Chernobyl meltdown 1986)
67.9%
Vatican City (Pope Shot 1981)
67%
India (Indira Gandhi murder 1984)
62.1%
Afghanistan (Soviets withdraw 1988)
56.7%
Philippines (Aquino defeats Marcos 1986)
55.7%
Ethiopia (Famine 1985)
51.4%
United Kingdom (Pan Am bombing 1988)
51.3%
India (Bhopal disaster 1984)
38.1%
Lebanon (Beirut bombing 1983)
24.1%

You're not logged in!

Compare scores with friends on all Sporcle quizzes.
Join for Free
OR
Log In

You Might Also Like...

Show Comments

Extras

Top Quizzes Today


Score Distribution

Your Account Isn't Verified!

In order to create a playlist on Sporcle, you need to verify the email address you used during registration. Go to your Sporcle Settings to finish the process.

Report this User

Report this user for behavior that violates our Community Guidelines.

Details: